| 000 | 00305nam a22001097a 4500 | ||
|---|---|---|---|
| 008 | 230608b xxu||||| |||| 00| 0 eng d | ||
| 082 |
_a330.97 _bKEN |
||
| 245 |
_aEconomic Survey 2002 _cCentral Bureau of Statistics |
||
| 260 |
_aNairobi _bCentral Bureau of Statistics _c2002 |
||
| 300 | _a241 p | ||
| 942 |
_2ddc _cBK |
||
| 999 |
_c844 _d844 |
||